Tourism and Socialist development (Record no. 7472)
[ view plain ]
| 000 -LEADER | |
|---|---|
| fixed length control field | 00414nam a2200145Ia 4500 |
| 008 - FIXED-LENGTH DATA ELEMENTS--GENERAL INFORMATION | |
| fixed length control field | 150509s9999 xx 000 0 und d |
| 082 ## - DEWEY DECIMAL CLASSIFICATION NUMBER | |
| Classification number | 320.9678SHI |
| 100 ## - MAIN ENTRY--PERSONAL NAME | |
| Personal name | Shivji, I.G. ed |
| 245 ## - TITLE STATEMENT | |
| Title | Tourism and Socialist development |
| 260 ## - PUBLICATION, DISTRIBUTION, ETC. | |
| Place of publication, distribution, etc. | Dar es Salaam: |
| 260 ## - PUBLICATION, DISTRIBUTION, ETC. | |
| Name of publisher, distributor, etc. | Tanzania Publishing House, |
| 260 ## - PUBLICATION, DISTRIBUTION, ETC. | |
| Date of publication, distribution, etc. | 1973 |
| 300 ## - PHYSICAL DESCRIPTION | |
| Extent | xi, 97p., 18cm |
| 650 ## - SUBJECT ADDED ENTRY--TOPICAL TERM | |
| Topical term or geographic name entry element | Political conditions, TanzaniaTanzania Studies, No.3 T. |
| Withdrawn status | Lost status | Source of classification or shelving scheme | Damaged status | Not for loan | Home library | Current library | Shelving location | Date acquired | Total Checkouts | Full call number | Barcode | Date last seen | Price effective from | Koha item type |
|---|---|---|---|---|---|---|---|---|---|---|---|---|---|---|
| Withdrawn | Dewey Decimal Classification | IFM Main Campus Library | IFM Main Campus Library | Archival Collection | 08/27/2019 | 320.9678SHI | 0000015523 | 08/27/2019 | 08/27/2019 | Books | ||||
| Withdrawn | Dewey Decimal Classification | IFM Main Campus Library | IFM Main Campus Library | Archival Collection | 08/27/2019 | 320.9678SHI | 0000015300 | 08/27/2019 | 08/27/2019 | Books |
